000 00601nam a22002177a 4500
003 OSt
005 20220630114540.0
008 220630b |||||||| |||| 00| 0 eng d
020 _a9781472137302
040 _cMOSTI LIBRARY
090 0 0 _a658.4 :
_bHES
100 0 _aHester, Alan
245 1 0 _aManagement Starts With You :
_bGain Confidence and Success as a Leader and Manager /
_cAlan Hester
260 _aLondon :
_bRobinson,
_c2017
300 _axi, 175pages ;
_c20cm
500 _aIncludes Index
650 1 0 _aManagement
650 2 0 _aLeadership
942 _2ddc
_cBK
_n0
949 _0018620
999 _c27585
_d27585